000 00280nam a22001097a 4500
082 _a621 MUD'E
100 _aROMNEY, G. C,MUDGE, I. W
_957248
245 _aENGINEERING SCIENCE FOR MECHANICAL ENGINEERING TECHNICIANS
260 _aLONDON
_bEUP
_c1965
300 _a233P
942 _cBK
999 _c567539
_d567539